|
|
|
|
| LEADER |
00000nam a2200000 a 4500 |
| 001 |
vtls001327429 |
| 003 |
SK-MaSNL |
| 005 |
20260301065758.0 |
| 008 |
240313s1998 xo a r slo |
| 015 |
|
|
|a SNBA1998/09-02995
|
| 020 |
|
|
|a 8071185256
|
| 035 |
|
|
|a SNK000280229
|
| 035 |
|
|
|a urn:nbn:sk:snk-amtjjn
|
| 035 |
|
|
|a urn:nbn:sk:snk-am00c6on
|
| 035 |
|
|
|a 81D3662D-64D9-4232-874F-3CA928EDF550
|
| 040 |
|
|
|a SNK
|b slo
|c SNK
|e AACR2
|
| 041 |
0 |
|
|a slo
|
| 044 |
|
|
|a xo
|c SK
|
| 080 |
|
|
|a 746.4(035)
|2 1981
|
| 100 |
1 |
|
|a Luke, Heather
|4 aut
|9 45404
|
| 240 |
1 |
0 |
|a Design and make loose covers
|l Slovensky
|
| 245 |
1 |
|
|a Poťahy
|c Heather Lukeová ; [z anglického originálu preložila Ada Böhmerová]
|
| 260 |
|
|
|a Bratislava
|b Ikar
|c 1998
|
| 300 |
|
|
|a 80 s.
|b fareb. fotogr.
|c 29 cm
|
| 500 |
|
|
|a Fotogr. na front.
|
| 500 |
|
|
|a Údaj o prekl. prevzatý z rubu tit. strany
|
| 504 |
|
|
|a Reg.
|
| 650 |
0 |
7 |
|a poťahy
|x šitie
|x príručky
|2 SNK
|9 385027
|
| 655 |
|
7 |
|a príručky
|2 SNK
|9 74364
|
| 919 |
|
|
|a 80-7118-525-6
|
| 958 |
|
|
|a TL
|
| 958 |
|
|
|a OP
|
| 958 |
|
|
|a NS
|
| 958 |
|
|
|a GB
|
| 968 |
|
|
|b ENG
|
| 999 |
|
|
|c 631963
|d 633893
|
| 952 |
|
|
|t P60, <03>, [BOOK], {603}
|a SNK
|b SNK
|y PREZ
|7 0
|p 17A0134323
|o snkSB 58587
|i snkKSP 4019/98
|0 0
|1 0
|4 0
|d 1998-04-16
|f 1
|l 0
|r 2017-06-30 00:00:00
|w 2026-02-23
|
| 952 |
|
|
|t snkLUK 747
|a SNKUST
|b SNKUST
|y PREZ
|7 0
|p 17A0140965
|o snkSB 58587 D1
|i snkKSP 5337/98
|0 0
|1 0
|4 0
|d 1998-05-20
|l 0
|r 2025-04-29 00:00:00
|w 2026-02-23
|